Los contratos: parte general

Zapisane w:
Opis bibliograficzny
1. autor: López Santa María, Jorge (autor)
Format: Książka
Język:hiszpański
Wydane: Santiago Jurídica de Chile 1986
Hasła przedmiotowe:
Etykiety: Dodaj etykietę
Nie ma etykietki, Dołącz pierwszą etykiete!

MARC

LEADER 00000nam a2200000 a 4500
001 UCY0649
003 CL-VaPUC
008 940809e19860000CL |||||||||||||||||spa|d
082 0 4 |a 346.022  |b LOP  |2 21 
100 |a López Santa María, Jorge  |e autor  |9 816080 
245 1 4 |a Los contratos: parte general 
300 |a 465 p 
942 |c BK 
945 |d 19940809 00:00:00  |a aalvarez 
260 |a Santiago  |b Jurídica de Chile  |c 1986 
650 0 |a Contratos  |9 255153 
583 |a last modification  |c 20190823 16:56:58  |k Rodrigo Vera 
999 |c 229603  |d 229601 
952 |0 0  |1 0  |4 0  |6 346_022000000000000_LOP_1986  |7 0  |8 A  |9 230918  |a BIBDER  |b BIBDER  |d 2019-11-15  |i 3003450  |o 346.022 LOP 1986  |p 3003450  |r 2023-01-25  |w 2019-11-15  |y BK  |k DER